Детали режущих аппаратов сельскохозяйственных машин; ГОСТ 19777-74 Пальцы режущих аппаратов сельскохозяйственных машин. Технические условия; ГОСТ 158-74 Сегменты, пластины противорежущие и полосы ножевые режущих аппаратов сельскохозяйственных машин. Технические условия; ГОСТ 3496-74 Прижимы ножа и прокладки режущих аппаратов сельскохозяйственных машин. Технические условия; ГОСТ 3497-74 Пластинки трения режущих аппаратов сельскохозяйственных машин. Технические условия

Dettagli Bibliografici
Ente Autore: СССР Государственный комитет по стандартам (Госстандарт)
Lingua:russo
Pubblicazione: Москва, Изд-во стандартов, 1983
TOC:ГОСТ 19777-74 Пальцы режущих аппаратов сельскохозяйственных машин. Технические условия;
ГОСТ 158-74 Сегменты, пластины противорежущие и полосы ножевые режущих аппаратов сельскохозяйственных машин. Технические условия;
ГОСТ 3496-74 Прижимы ножа и прокладки режущих аппаратов сельскохозяйственных машин. Технические условия;
ГОСТ 3497-74 Пластинки трения режущих аппаратов сельскохозяйственных машин. Технические условия;
Serie:Государственные стандарты
Soggetti:
Natura: MixedMaterials Libro
KOHA link:https://koha.lib.tpu.ru/cgi-bin/koha/opac-detail.pl?biblionumber=151783

MARC

LEADER 00000nam0a2200000 4500
001 151783
005 20231031150830.0
035 |a (RuTPU)RU\TPU\book\164561 
035 |a RU\TPU\book\164558 
090 |a 151783 
100 |a 20090127d1983 km y0rusy50 ca 
101 0 |a rus 
102 |a RU 
105 |a a l 000zy 
200 1 |a Детали режущих аппаратов сельскохозяйственных машин 
210 |a Москва  |c Изд-во стандартов  |d 1983 
215 |a 40 с.  |c ил. 
225 1 |a Государственные стандарты 
464 |t ГОСТ 19777-74 Пальцы режущих аппаратов сельскохозяйственных машин. Технические условия 
464 |t ГОСТ 158-74 Сегменты, пластины противорежущие и полосы ножевые режущих аппаратов сельскохозяйственных машин. Технические условия 
464 |t ГОСТ 3496-74 Прижимы ножа и прокладки режущих аппаратов сельскохозяйственных машин. Технические условия 
464 |t ГОСТ 3497-74 Пластинки трения режущих аппаратов сельскохозяйственных машин. Технические условия 
610 1 |a ГОСТы 
610 1 |a детали 
610 1 |a режущие аппараты 
610 1 |a сельскохозяйственные машины 
610 1 |a технические условия 
712 0 1 |a СССР  |b Государственный комитет по стандартам (Госстандарт)  |c (1978-1989)  |2 stltpush  |3 (RuTPU)RU\TPU\col\12454 
801 1 |a RU  |b 63413507  |c 20021204  |g PSBO 
801 2 |a RU  |b 63413507  |c 20221208  |g PSBO 
942 |c BK